000 00639nam0a2200229 4500
001 RU\NLR\BIBL_A\011103520
005 20250625204436.0
035 _a(NLR Aleph) 011103520
090 _a13328947
_c13328947
100 _a20160415d1977 |||y0rusy50 ca
101 0 _aaze
102 _aAZ
105 _ay z 000 y
200 1 _aҜүрҹү һекаjәләри
_fтәрҹ. ед. Ә. Сәбри
210 _aБакы
_cАзәрнәшр
_d1977
215 _a138 с.
_d20
541 1 _aГрузинская проза
702 1 _aСәбри
_bӘ.
_4220
852 _aNLR
_bОНЛ
_jАзерб./2-18023
942 _cBOOK
980 _aNB